000 00299nam a2200121Ia 4500
008 240731s9999 xx 000 0 und d
022 _a2046-5734
245 0 _aMedieval Mystical Theology
260 _bRoutledge
856 _uhttps://www.tandfonline.com/loi/ymmt20
942 _2ddc
942 _cTFEJ
999 _c78543
_d78543
945 _a1
_bMadushi Gamage
_c1
_dMadushi Gamage